| 000 | 00679nam a22001337a 4500 | ||
|---|---|---|---|
| 040 | _cRUA | ||
| 082 | _aVEM EL 2015 B525 Or.1 | ||
| 100 | _aEL SOPHEA; អ៊ិល សោភា | ||
| 245 | _aStudy on fowl pox disease of chiken meat and antibodies by using test ha and hi at chamkar ler district, kampong cham province; សិក្សាលើជំងឺអុតរបស់មាន់សាច់ និងអង់ទីគ័រតាមរយៈតេស្តHA និង HI នៅស្រុកចំការលើ ខេត្តកំពង់ចាម | ||
| 260 |
_aPhnom Penh _bRUA _c2015 |
||
| 300 |
_aix; 41p; _bill; _c29cm; |
||
| 856 | _uEL SOPHEA | ||
| 942 | _cVEM | ||
| 999 |
_c10602 _d10602 |
||